| 000 | 00502pab a2200169 454500 | ||
|---|---|---|---|
| 008 | 180718b2001 xxu||||| |||| 00| 0 eng d | ||
| 100 | _aPandey, G.D. | ||
| 245 | _aSocio-cultural reproductive health practices of primitive tribes of Madhya Pradesh: some observations | ||
| 260 | _c2001 | ||
| 300 | _ap.27-33. | ||
| 362 | _aOct | ||
| 650 | _aHealth services - India - Madhya Pradesh | ||
| 650 | _aHealth services | ||
| 700 | _aTiwary, R.S. | ||
| 773 | _aJournal of Family Welfare | ||
| 909 | _a55702 | ||
| 999 |
_c55702 _d55702 |
||